| 000 | 01037nam a2200241Ia 4500 | ||
|---|---|---|---|
| 999 |
_c40876 _d40876 |
||
| 001 | 7520 | ||
| 003 | GE_BSU | ||
| 005 | 20200109110427.0 | ||
| 008 | 181216s2013||||ge |||||||||||||| ||geo|| | ||
| 020 | _a9789941903816 | ||
| 040 | _cGE_BSU | ||
| 080 | _a17.023.34 ხ-20 | ||
| 100 |
_aხალვაში, მიხეილ _96034 |
||
| 245 |
_aბედნიერება მეცნიერული თვალსაზრისით / _cმიხეილ ხალვაში ; რედ.: რევაზ გორდეზიანი, მზია ხაჩიძე. |
||
| 264 |
_aთბილისი : _bრაე, _c2013. |
||
| 300 |
_a416 გვ.; _b21 სმ. |
||
| 504 | _aბიბლიოგრ.: გვ. 406-411. | ||
| 653 | _aფილოსოფია | ||
| 653 | _aბედნიერება | ||
| 700 |
_a გორდეზიანი, რევაზ _eრედაქტორი _96035 |
||
| 700 |
_aხაჩიძე, მზია _eრედაქტორი _96036 |
||
| 942 |
_cBK _2udc |
||